The Power of Your Subconscious Mind (Record no. 12131)

MARC details
000 -LEADER
fixed length control field 00385nam a22001577a 4500
003 - CONTROL NUMBER IDENTIFIER
control field OSt
008 - FIXED-LENGTH DATA ELEMENTS--GENERAL INFORMATION
fixed length control field 231230b |||||||| |||| 00| 0 eng d
020 ## - INTERNATIONAL STANDARD BOOK NUMBER
International Standard Book Number 97881947990839
100 ## - MAIN ENTRY--PERSONAL NAME
Personal name MURPHY, Joseph
245 ## - TITLE STATEMENT
Title The Power of Your Subconscious Mind
250 ## - EDITION STATEMENT
Edition statement 1st
260 ## - PUBLICATION, DISTRIBUTION, ETC. (IMPRINT)
Place of publication, distribution, etc New Delhi
Name of publisher, distributor, etc Srishti Publication
Date of publication, distribution, etc 2020
300 ## - PHYSICAL DESCRIPTION
Extent MISC
650 ## - SUBJECT ADDED ENTRY--TOPICAL TERM
Topical term or geographic name as entry element Motivational
942 ## - ADDED ENTRY ELEMENTS (KOHA)
Source of classification or shelving scheme Dewey Decimal Classification
Koha item type Text Books
Holdings
Withdrawn status Lost status Source of classification or shelving scheme Damaged status Not for loan Collection code Home library Current library Date acquired Source of acquisition Currency Cost, normal purchase price Bill Number Total Checkouts Full call number Acc. no. / Barcode Date last seen Date last borrowed Actual Cost, discounted price Bill Date Koha item type Checked out
    Dewey Decimal Classification     BCA PIET C-LIBRARY PIET C-LIBRARY 20/12/2023 Zafaa Books and Distributors In rupees 275.00 ZBD0292 3 158.1 MUP BC2097 08/02/2025 28/01/2025 220.00 20/12/2023 Text Books  
    Dewey Decimal Classification     BCA PIET C-LIBRARY PIET C-LIBRARY 20/12/2023 Zafaa Books and Distributors In rupees 275.00 ZBD0292 3 158.1 MUP BC2098 07/06/2024 21/05/2024 220.00 20/12/2023 Text Books  
    Dewey Decimal Classification     BCA PIET C-LIBRARY PIET C-LIBRARY 20/12/2023 Zafaa Books and Distributors In rupees 275.00 ZBD0292 1 158.1 MUP BC2099 25/10/2024 14/10/2024 220.00 20/12/2023 Text Books  
    Dewey Decimal Classification     BCA PIET C-LIBRARY PIET C-LIBRARY 20/12/2023 Zafaa Books and Distributors In rupees 275.00 ZBD0292 5 158.1 MUP BC2100 24/07/2025 24/07/2025 220.00 20/12/2023 Text Books 09/02/2026
    Dewey Decimal Classification     BCA PIET C-LIBRARY PIET C-LIBRARY 20/12/2023 Zafaa Books and Distributors In rupees 275.00 ZBD0292 2 158.1 MUP BC2101 22/01/2026 26/08/2025 220.00 20/12/2023 Text Books  

Design & Developed by: PIET Central Library
R70 Miles Stone Pattikalyana Samalkha Panipat 132102
mail ID :- [email protected], Phone No:- 0180-2569700 Ex.216